Responses for show #7027 - Tuesday, March 17, 2015

Kristin Sausville game 5.

Contestants

Colin Gleeson, a retail manager from Chicago, Illinois

Irene Brockman, a graduate student in chemical engineering from Cambridge, Massachusetts

Kristin Sausville, a stay-at-home mom from Newark, Delaware (whose 4-day cash winnings total $81,002)

Jeopardy! Round responses

VENERABLE BRANDS
TRAVEL & TOURISM
COMPOUND WORDS
THE ELEMENTS
I WANT TO ROCK & ROLL ALL NIGHT
& PARTY EV-ER-Y DAY
(Alex: And we want you to name the political party that each person is associated with.)
    $200 29
Life Savers

Kristin
    $200 1
Ben & Jerry's

Colin
    $200 7
a darkroom

Colin
    $200 2
uranium

Kristin
    $200 23
Kiss

Kristin
    $200 24
(Colin: Um, what is Democratic?)

Republican

KristinColin
    $400 30
(Richard) Sears

Kristin
    $400 8
Jesse James

Kristin
    $400 12
(Irene: What is a sideline?)

buttonhole

Irene
Triple Stumper
    $400 3
iron

Kristin
    $400 22
"The Boys"

Colin
    $400 25
(Alex: Yes, with less than a minute.)

Democratic

Colin
    $600 19
American Express

Colin
    $600 9
Stratford

Kristin
    $600 13
slapstick

Kristin
    $600 4
krypton

Kristin
    $600 16
"Live And Let Die"

Colin
    $600 26
(Alex: Yes, Jesse Ventura.)

the Reform Party

Kristin
    $6,000 20
Consolidated Edison

Colin
    $800 10
Montreal

Colin
    $800 14
a grandmaster

Kristin
    $800 5
mercury

Colin
    $800 17
U2

Colin
    $800 27
Labour

Colin
    $1000 21
Bass (Ale)

Colin
    $1000 11
Melbourne

Kristin
    $1000 15
the riverbank

Colin
    $1000 6
wolfram

Irene
    $1000 18
Wilco

Colin
    $1000 28
the Socialist Party

Kristin

Scores at the first commercial break (after clue 15):

Kristin Irene Colin
$4,600 $600 $3,000

Scores at the end of the Jeopardy! Round:

Kristin Irene Colin
$7,200 $600 $14,400

Double Jeopardy! Round responses

THE SALEM WITCH TRIALS
STAR-CHITECTS
NORTHERN WATERS
ENTERTAINMENT AWARDS
SHAKESPEARE'S COMEDIES
"QUAD"-RUPLE JEOPARDY!
    $400 29
[End-of-round signal sounds]

the Sydney Opera House

Kristin
    $400 1
the Irish Sea

Colin
    $400 10
Katy Perry

Kristin
    $400 12
A Midsummer Night's Dream

Irene
    $400 15
the quadrangle

Kristin
    $800 27
Nathaniel Hawthorne

Colin
    $800 28
I.M. Pei

Colin
    $800 3
the Bering Sea

Kristin
    $800 11
Billy Elliot

Irene
    $2,000 13
Love's Labour's Lost

Irene
    $800 21
Quadrant

Kristin
    $5,800 18
(Colin: What is a--)
[Time signal sounds]
(Colin: --demon?)

a familiar

Colin
    $1200 2
Park Avenue

Kristin
    $1200 4
Loch Lomond

Colin
    $1200 7
(Kristin: Who is...uh, sorry.)

Julie Bowen

Kristin
Triple Stumper
    $1200 14
The Merchant of Venice

Triple Stumper
    $1200 22
the Quad Cities

Kristin
    $1600 19
Mather

Kristin
    $1600 5
Niemeyer

Colin
    $1600 16
(Kristin: What is the Great Slave Lake?)
(Irene: What is Lake Superior?)

the Great Bear Lake

KristinIreneColin
    $1600 8
Lady Antebellum

Kristin
    $1600 25
The Taming of the Shrew

Triple Stumper
    $1600 23
(Alex: That is it, with less than a minute to go now.)

a quadrille

Irene
    $2000 20
(Kristin: What is a blight?)

a fungus

KristinColin
    $2000 6
Renzo Piano

Triple Stumper
    $2000 17
the Gulf of Bothnia

Colin
    $2000 9
Boyhood

Kristin
    $2000 26
(Irene: What is Two Gentlemen of Verona?)

The Merry Wives of Windsor

Irene
Triple Stumper
    $2000 24
Quadling

Triple Stumper

Scores at the end of the Double Jeopardy! Round:

Kristin Irene Colin
$12,800 $1,800 $19,000

[wagering suggestions for these scores]

Final Jeopardy! Round responses

NUMBERS
(Alex: [To Irene] You are correct. 1 is not a prime number.)
IreneWhat is 23?
$1,800
KristinWhat is 11 23?
$399
ColinWhat is 11 (eleven)?
$6,601
23

Final scores:

Kristin Irene Colin
$13,199 $3,600 $12,399
5-day champion: $94,201 3rd place: $1,000 2nd place: $2,000

Game dynamics:

Coryat scores:

Kristin Irene Colin
$12,800 $600 $19,600
24 R,
3 W
5 R
(including 1 DD),
3 W
22 R
(including 1 DD),
2 W
(including 1 DD)

Combined Coryat: $33,000

The J! Archive is created by fans, for fans. The Jeopardy! game show and all elements thereof, including but not limited to copyright and trademark thereto, are the property of Jeopardy Productions, Inc. and are protected under law. This website is not affiliated with, sponsored by, or operated by Jeopardy Productions, Inc. Join the discussion at JBoard.tv.